Jednoduché statistické metody v prognostice /

Na minha lista:
Detalhes bibliográficos
Main Authors: Kozák, Josef (Author), Seger, Jan (Author)
Formato: Livro
Idioma:tcheco
Publicado em: Praha : SNTL, 1975
Assuntos:
Tags: Adicionar Tag
Sem tags, seja o primeiro a adicionar uma tag!

MARC

LEADER 00000nam a22000003a 4500
001 stu38084
005 20150617225728.1
008 920914s1975----cs------------------cze-d
040 |a STU  |b slo 
041 0 |a cze 
044 |a cs 
100 1 |a Kozák, Josef  |4 aut 
245 1 |a Jednoduché statistické metody v prognostice /  |c [aut.]Josef Kozák, Jan Seger 
260 |a Praha :  |b SNTL,  |c 1975 
300 |a 278 s 
650 7 |a štatistika  |2 stusub 
650 7 |a prognostika  |2 stusub 
700 1 |a Seger, Jan  |4 aut 
996 |b 284EK01728  |c E*33884  |l EE01  |s A  |a 24  |w stu38084_0001 
996 |b 284M077000  |c M*5177-2  |l MMKN  |s A  |a 24  |w stu38084_0002 
996 |b 284M013001  |c M*5177-1  |l MMKN  |s A  |a 24  |w stu38084_0003